00450 2200193 4500001002100000005001500021008004100036020002200077035001900099041000700118082000800125090001400133100001500147245001000162260001700172300002800189500001100217650002800228INLIS00000000000321620241224112700241224||||||||| | ||| |||| || |  a978-602-8395-22-9 0010-1224003216 aid0 a926 a926 TIM p0 aTim Nuansa00aPlato bNuansac2009 a52 hlm. : ilus. ; 21 cm aCet. 1 0aIlmu Sejarah & Biografi